[Event "Knockout open section A "]
[Site "SchemingMind.com"]
[Date "2015.04.22"]
[Round "-"]
[White "MazetaFighter"]
[Black "kenneth m day"]
[Result "1-0"]
[WhiteCountry "GRE"]
[BlackCountry "USA"]
[WhiteElo "2093"]
[WhiteRD "72"]
[BlackElo "1733"]
[BlackRD "54"]
[GameID "378818"]

1. d4 d5 2. c4 Nc6 3. Nf3 Bg4 4. Nc3 Nf6 5. cxd5 Nxd5 6. e4 Nf6 7. d5 Bxf3 8. gxf3 Ne5 9. f4 Ned7 10. e5 e6
11. exf6 Nxf6 12. Bb5+ Nd7 13. dxe6 fxe6 14. Qxd7+ Qxd7 15. Bxd7+ Kxd7 16. Be3 Bd6 17. Rd1 Rhf8 18. Ne4 Ke7 19. Nxd6 cxd6 20. Ke2 b6
21. Rc1 Kd7 22. Rc4 Rf6 23. Rhc1 Rh6 24. Rc7+ Kd8 25. Rxg7 Rc8 26. Rg8+
1-0

[Event "Knockout open section A "]
[Site "SchemingMind.com"]
[Date "2015.04.22"]
[Round "-"]
[White "kenneth m day"]
[Black "MazetaFighter"]
[Result "0-1"]
[WhiteCountry "USA"]
[BlackCountry "GRE"]
[WhiteElo "1733"]
[WhiteRD "54"]
[BlackElo "2093"]
[BlackRD "72"]
[GameID "378819"]

1. e4 e5 2. f4 exf4 3. Nf3 g5 4. Nc3 d6 5. g3 g4 6. Nh4 f3 7. d4 Nc6 8. Be3 Be7 9. Qd2 Nf6 10. e5 dxe5
11. O-O-O exd4 12. Bxd4 Nxd4 13. Qxd4 Qxd4 14. Rxd4 Be6 15. Nb5 Bd8 16. h3 a6 17. Nc3 c5 18. Rf4 Nh5 19. hxg4 Nxf4 20. gxf4 Bxg4
21. Rh2 Bc7 22. Rh1 Bxf4+ 23. Kb1 O-O-O 24. a3 Rhe8 25. Bc4 Bd2 26. Nd5 Re1+ 27. Rxe1 Bxe1
0-1

[Event "Knockout open section A "]
[Site "SchemingMind.com"]
[Date "2015.04.19"]
[Round "-"]
[White "David Perna-Fraser"]
[Black "Ramesh Panwar"]
[Result "1/2-1/2"]
[WhiteCountry "CAN"]
[BlackCountry "IND"]
[WhiteElo "2257"]
[WhiteRD "56"]
[BlackElo "2342"]
[BlackRD "55"]
[GameID "378856"]

1. e4 c5 2. Nf3 d6 3. d4 cxd4 4. Nxd4 e5 5. Bb5+ Nd7 6. Nf5 a6 7. Ba4 b5 8. Bb3 Nc5 9. Bd5 Bxf5 10. exf5 Rc8
11. b4 Nd7 12. a4 Ngf6 13. axb5 axb5 14. O-O Be7 15. Na3 Qb6 16. Be3 Qb8 17. Bb3 d5 18. Bxd5 O-O 19. Bb3 Bxb4 20. Qe2 Nc5
21. Nxb5 Nxb3 22. Rab1 Qa8 23. Rxb3 Qe4 24. Qd3 Be7 25. Bg5 Qxd3 26. cxd3 Nd5 27. Bxe7 Nxe7 28. f4 exf4 29. Rxf4 Rfd8 30. Nd4 Nd5
31. Rh4 h6 32. Kf2 Nf6 33. h3 Rc5 34. Ra3=
1/2-1/2

[Event "Knockout open section A "]
[Site "SchemingMind.com"]
[Date "2015.04.18"]
[Round "-"]
[White "Ramesh Panwar"]
[Black "David Perna-Fraser"]
[Result "1-0"]
[WhiteCountry "IND"]
[BlackCountry "CAN"]
[WhiteElo "2355"]
[WhiteRD "54"]
[BlackElo "2273"]
[BlackRD "57"]
[GameID "378857"]

1. c4 c5 2. e3 Nf6 3. Nf3 Nc6 4. Be2 g6 5. Nc3 Bg7 6. O-O O-O 7. d4 cxd4 8. Nxd4 d5 9. b3 dxc4 10. bxc4 Qa5
11. Bd2 Qc7 12. Rc1 Rd8 13. Ncb5 Qe5 14. f4 Qc5 15. Nb3 Qf5 16. N5d4 Nxd4 17. exd4 Ne4 18. Be3 Nd6 19. g4 Qf6 20. Re1 Qh4
21. Bf3 h5 22. Bf2 Qf6 23. gxh5 Qxf4 24. hxg6 fxg6 25. Qe2 Nf5 26. Bd5+ Kh8 27. Rc3 Nxd4 28. Qxe7 Bf5 29. Qxg7+ Kxg7 30. Bxd4+ Kf8
31. Bc5+ Rd6 32. Rf3 Qg5+ 33. Rg3 Qf6 34. Nd4 Re8 35. Rf1 Ke7 36. Nb5 Kd7 37. Nxd6 Re2 38. Nxf5 gxf5 39. Rd1 Kc7 40. Bf3 Re6
41. Bxa7 Rd6 42. Bd5 b6 43. Rb3 f4 44. Rdb1 Qg6+ 45. Kh1 Rxd5 46. Bxb6+ Kd7 47. cxd5 Qe4+ 48. Kg1 Qxd5 49. R1b2 Qd1+ 50. Kf2 Qd5
51. a4 Qh1 52. Rh3 f3 53. Rh7+ Ke6 54. Rh6+ Kd7 55. Rd2+ Ke7 56. Bd8+ Ke8 57. Rh8+ Kf7 58. Rh4 Qg2+ 59. Ke3 Qg1+ 60. Kxf3 Qf1+
61. Ke3 Qe1+ 62. Re2 Qc1+ 63. Kf2 Kg6 64. Bb6 Qg5 65. Rhe4 Qf5+ 66. Kg1
1-0

[Event "Knockout open section A "]
[Site "SchemingMind.com"]
[Date "2015.04.21"]
[Round "-"]
[White "berns"]
[Black "Clive Everill"]
[Result "1/2-1/2"]
[WhiteCountry "ENG"]
[BlackCountry "CZE"]
[WhiteElo "1619"]
[WhiteRD "74"]
[BlackElo "1665"]
[BlackRD "55"]
[GameID "378907"]

1. d4 d5 2. c4 e5 3. dxe5 d4 4. Nf3 Nc6 5. g3 Nge7 6. Bg2 Ng6 7. Bf4 h6 8. O-O Nxf4 9. gxf4 Bc5 10. a3 Be6
11. b4 Be7 12. c5 a6 13. Nbd2 O-O 14. Rb1 Qd7 15. Ne4 Bf5 16. Nfd2 b6 17. cxb6 cxb6 18. Rb3 Rfd8 19. Rd3 b5 20. Nb3 Qe6
21. Nxd4 Nxd4 22. Rxd4 Rxd4 23. Qxd4 Rd8 24. Qc3 Qb6 25. e3 Be6 26. Rc1 Rc8 27. Qd2 Rxc1+ 28. Qxc1 Bc4 29. h3 Qd8 30. Qd2 Bd5
31. Nf6+ gxf6 32. Bxd5 fxe5 33. fxe5 Qc7 34. f4 Qb6 35. Kg2 Qg6+ 36. Kh2 Kf8 37. Qc1 Bh4 38. Qc8+ Ke7 39. Qc5+ Kd8 40. Qd6+ Qxd6
41. exd6 f6 42. f5 Be1 43. e4 Kd7 44. Bb7 a5 45. bxa5 Bxa5 46. Ba6 b4 47. axb4 Bxb4 48. h4 Kxd6 49. Kh3 Kc5 50. Bb7 Kd4
51. Kg4 Bd2 52. Kh5 Ke5 53. Kg6 Bf4= 54. Kg7 Be3 55. Ba8=
1/2-1/2

[Event "Knockout open section A "]
[Site "SchemingMind.com"]
[Date "2015.04.20"]
[Round "-"]
[White "Clive Everill"]
[Black "berns"]
[Result "1-0"]
[WhiteCountry "CZE"]
[BlackCountry "ENG"]
[WhiteElo "1665"]
[WhiteRD "55"]
[BlackElo "1619"]
[BlackRD "74"]
[GameID "378908"]

1. e4 c5 2. Nf3 Nc6 3. Bb5 a6 4. Bxc6 bxc6 5. O-O Nf6 6. e5 Nd5 7. c4 Nb6 8. b3 d6 9. Bb2 d5 10. d3 Bg4
11. h3 Bxf3 12. Qxf3 e6 13. Nd2 Qg5 14. Qe2 Nd7 15. f4 Qg6 16. Nf3 f6 17. exf6 gxf6 18. Qxe6+ Be7 19. Qxc6 Ra7 20. Qxd5 Rg8
21. Rf2 f5 22. Re1 Nb6 23. Qe5 Nd7 24. Qxe7#
1-0

[Event "Knockout open section A "]
[Site "SchemingMind.com"]
[Date "2015.04.21"]
[Round "-"]
[White "Helga1946"]
[Black "Scooter"]
[Result "1-0"]
[WhiteCountry "GER"]
[BlackCountry "USA"]
[WhiteElo "2225"]
[WhiteRD "77"]
[BlackElo "1716"]
[BlackRD "45"]
[GameID "378916"]

1. c4 Nf6 2. d4 g6 3. Nc3 Bg7 4. e4 d6 5. h3 O-O 6. Nf3 Re8 7. Bd3 Nbd7 8. O-O e5 9. d5 c5 10. b3 a6
11. Be3 b6 12. Bd2 Bb7 13. Bc2 Rb8 14. Re1 Ba8 15. a4 Qe7 16. a5 Bb7 17. axb6 Nxb6 18. Be3 Nbd7 19. Ra2 Kh8 20. Qd2 Kg8
21. Rb1 Nb6 22. Qd3 Nbd7 23. b4 cxb4 24. Rxb4 Nc5 25. Qd1 a5 26. Rxa5 Qc7 27. Ra7 Re7 28. Qb1 Nfd7 29. Na4 Bf6 30. Nxc5 Nxc5
31. Rb5 Qc8 32. Bxc5 dxc5 33. Rb6 Kg7 34. Qb2 Rd7 35. Rxf6
1-0

[Event "Knockout open section A "]
[Site "SchemingMind.com"]
[Date "2015.04.21"]
[Round "-"]
[White "Scooter"]
[Black "Helga1946"]
[Result "0-1"]
[WhiteCountry "USA"]
[BlackCountry "GER"]
[WhiteElo "1713"]
[WhiteRD "44"]
[BlackElo "2194"]
[BlackRD "77"]
[GameID "378917"]

1. d4 c6 2. Nf3 d5 3. Bf4 Bf5 4. e3 e6 5. Bd3 Bxd3 6. Qxd3 Bd6 7. Bxd6 Qxd6 8. c3 Nd7 9. Nbd2 f5 10. O-O Ngf6
11. Rfe1 O-O 12. e4 fxe4
0-1

[Event "Knockout open section A "]
[Site "SchemingMind.com"]
[Date "2015.04.20"]
[Round "-"]
[White "Stephen Woodhouse"]
[Black "Kent"]
[Result "1/2-1/2"]
[WhiteCountry "ENG"]
[BlackCountry "USA"]
[WhiteElo "1879"]
[WhiteRD "50"]
[BlackElo "2167"]
[BlackRD "68"]
[GameID "378923"]

1. e4 e6 2. d4 d5 3. Nd2 Nf6 4. e5 Nfd7 5. f4 c5 6. c3 Nc6 7. Ndf3 Qb6 8. g3 cxd4 9. cxd4 f6 10. Bh3 Bb4+
11. Kf1 f5 12. Ne2 Be7 13. b3 Nf8 14. Be3 Bd7 15. Rc1 O-O-O 16. Nc3 Kb8 17. Na4 Qa6+ 18. Qe2 Qxe2+ 19. Kxe2 Rc8 20. Nc5 b6
21. Nxd7+ Nxd7 22. Bd2 a5 23. Ke3 Kb7 24. Bf1 Ndb8 25. Bb5 h6 26. Ne1 g5 27. Nd3 Na7 28. a4 Nbc6 29. Bxc6+ Nxc6 30. Rc3 h5
31. Rhc1 h4 32. fxg5 Bxg5+ 33. Nf4 hxg3 34. hxg3 Rh2 35. R3c2 Bxf4+ 36. Kxf4 Rg2 37. Be3 Rxc2 38. Rxc2 Nxe5 39. Rxc8 Nd3+ 40. Kg5 Kxc8
41. g4 fxg4 42. Kxg4 Kd7 43. Kf3 e5 44. dxe5 Nxe5+ 45. Kf4 Nd3+ 46. Kf5 Nc5 47. b4 axb4 48. a5 Kc6 49. axb6 Kxb6 50. Ke5 b3
51. Bd4 Kc6=
1/2-1/2

[Event "Knockout open section A "]
[Site "SchemingMind.com"]
[Date "2015.04.20"]
[Round "-"]
[White "Kent"]
[Black "Stephen Woodhouse"]
[Result "1/2-1/2"]
[WhiteCountry "USA"]
[BlackCountry "ENG"]
[WhiteElo "2176"]
[WhiteRD "61"]
[BlackElo "1873"]
[BlackRD "50"]
[GameID "378924"]

1. d4 e6 2. e4 d5 3. Nc3 Nf6 4. e5 Nfd7 5. f4 c5 6. Nf3 Nc6 7. Be3 cxd4 8. Nxd4 Bc5 9. Qd2 Nxd4 10. Bxd4 Bxd4
11. Qxd4 Qb6 12. Nb5 Qxd4 13. Nxd4 Ke7 14. h4 f6 15. Nf3 fxe5 16. fxe5 Nc5 17. Bd3 Nxd3+ 18. cxd3 Bd7 19. Kd2 Rac8 20. Rac1 Rxc1
21. Rxc1 Rc8 22. Rh1 h6=
1/2-1/2

[Event "Knockout open section A "]
[Site "SchemingMind.com"]
[Date "2015.04.25"]
[Round "-"]
[White "spoke"]
[Black "johanrientsop"]
[Result "0-1"]
[WhiteCountry "GER"]
[BlackCountry "NED"]
[WhiteElo "1754"]
[WhiteRD "65"]
[BlackElo "1808"]
[BlackRD "82"]
[GameID "378984"]

1. e4 e5 2. Nf3 Nc6 3. Bc4 Nf6 4. Ng5 Bc5 5. Bxf7+ Ke7 6. Bd5 Rf8 7. O-O d6 8. Bxc6 bxc6 9. Nf3 Bg4 10. d3 Qe8
11. Be3 Bxe3 12. fxe3 Qg6 13. Nbd2 h5 14. Nh4 Qg5 15. Nf5+ Bxf5 16. Rxf5 Qxe3+ 17. Kh1 Ng4 18. Qe1 g6 19. Qxe3 Nxe3 20. Rxf8 Rxf8
21. Nf3 Nxc2 22. Rc1 Nb4 23. a3 Nxd3 24. Rxc6 Kd7 25. Rc2 Nc5 26. Re2 Rf4
0-1

[Event "Knockout open section A "]
[Site "SchemingMind.com"]
[Date "2015.04.25"]
[Round "-"]
[White "johanrientsop"]
[Black "spoke"]
[Result "1-0"]
[WhiteCountry "NED"]
[BlackCountry "GER"]
[WhiteElo "1808"]
[WhiteRD "82"]
[BlackElo "1754"]
[BlackRD "65"]
[GameID "378985"]

1. e4 e5 2. f4 d5 3. exd5 e4 4. d3 Qxd5 5. Nc3 Bb4 6. Bd2 Bxc3 7. Bxc3 Nf6 8. dxe4 Qxe4+ 9. Qe2 Qxe2+ 10. Bxe2 Nbd7
11. Bf3 O-O 12. O-O-O c6 13. g4 Nb6 14. g5 Nfd5 15. Ne2 Bf5 16. Be5 Ne3 17. Nd4 Bg4 18. Rde1 Bxf3 19. Nxf3 Nec4 20. h4 Nd5
21. Re4 Nxe5 22. Nxe5 f6 23. Nd3 f5 24. Ree1 Rfe8 25. Kd2 Kf8 26. h5 Rxe1 27. Rxe1 Re8 28. Rxe8+ Kxe8 29. c4 Nb6 30. Kc3 Ke7
31. Nc5
1-0

[Event "Knockout open section A "]
[Site "SchemingMind.com"]
[Date "2015.04.29"]
[Round "-"]
[White "Beefmaster"]
[Black "GBEDARD"]
[Result "0-1"]
[WhiteCountry "USA"]
[BlackCountry "USA"]
[WhiteElo "1614"]
[WhiteRD "81"]
[BlackElo "2036"]
[BlackRD "64"]
[GameID "379004"]

1. d4 Nf6 2. e3 e6 3. Nf3 b6 4. Bd3 Bb7 5. O-O d5 6. b3 Bd6 7. Ba3 Nc6 8. Bxd6 Qxd6 9. Bb5 O-O 10. Bd3 e5
11. Nxe5 Nxe5 12. Nc3 Neg4 13. g3 a6 14. a4 Qc6 15. Ne2 Ne4 16. f3 Nxe3 17. Qe1 Nxf1 18. Kxf1 Qf6 19. Nf4 Ng5 20. Qe2 Qxd4
21. Rd1 Qf6 22. Nh5 Qxf3+ 23. Qxf3 Nxf3 24. h4 Rae8 25. Kf2 d4 26. Nf4 c5 27. h5 Ng5 28. g4 Re3 29. Bf5 Rf3+ 30. Ke2 Rxf4
31. Kd2 Be4 32. Bxe4 Nxe4+ 33. Kc1 Rxg4 34. Kb2 Rh4 35. Re1 f5 36. Rg1 Rxh5 37. Ka3 f4 38. b4 f3 39. bxc5 f2 40. Rf1 Nd2
41. Rxf2 Rxf2 42. c6 Rf3+ 43. Kb4 a5#
0-1

[Event "Knockout open section A "]
[Site "SchemingMind.com"]
[Date "2015.04.25"]
[Round "-"]
[White "GBEDARD"]
[Black "Beefmaster"]
[Result "1-0"]
[WhiteCountry "USA"]
[BlackCountry "USA"]
[WhiteElo "2004"]
[WhiteRD "63"]
[BlackElo "1615"]
[BlackRD "80"]
[GameID "379005"]

1. e4 e5 2. Nf3 Bd6 3. Bc4 Qe7 4. Nc3 c6 5. d4 exd4 6. Qxd4 f6 7. Be3 Bb4 8. O-O d6 9. Bf4 Be6 10. Bxe6 Bxc3
11. Qxd6 Qxd6 12. Bxd6 Bxb2 13. Rab1 Bc3 14. Rxb7 g5 15. Bf7+ Kd8 16. Bxb8 Kc8 17. Rfb1 Nh6 18. Rc7+ Kd8 19. Rd1+ Bd4 20. Rxd4#
1-0

[Event "Knockout open section A "]
[Site "SchemingMind.com"]
[Date "2015.04.27"]
[Round "-"]
[White "Mirta Crevani"]
[Black "fouche"]
[Result "1-0"]
[WhiteCountry "ARG"]
[BlackCountry "COL"]
[WhiteElo "2149"]
[WhiteRD "92"]
[BlackElo "1542"]
[BlackRD "62"]
[GameID "379019"]

1. c4 e5 2. Nc3 d6 3. g3 Bd7 4. Bg2 Bc6 5. Nf3 Nd7 6. O-O Ngf6 7. d4 exd4 8. Qxd4 Be7 9. b3 O-O 10. Bb2 a6
11. b4 b6 12. Nd5 Bb7 13. e4 c6 14. Nxe7+ Qxe7 15. Rfe1 c5 16. bxc5 bxc5 17. Qc3 Rfe8 18. Nd2 h6 19. f3 Rad8 20. Nf1 Qe5
21. Ne3 Qxc3 22. Bxc3 Ne5 23. Rab1 Rb8 24. Red1 Nxf3+ 25. Bxf3 Nxe4 26. Bxe4 Bxe4 27. Rxb8 Rxb8 28. Rxd6 Rb1+ 29. Rd1 Rb6 30. Nd5 Rb7
31. Re1 Bd3 32. Ne3 Re7 33. Kf2 Re4 34. Rd1 Bxc4 35. Kf3
1-0

[Event "Knockout open section A "]
[Site "SchemingMind.com"]
[Date "2015.04.26"]
[Round "-"]
[White "fouche"]
[Black "Mirta Crevani"]
[Result "0-1"]
[WhiteCountry "COL"]
[BlackCountry "ARG"]
[WhiteElo "1545"]
[WhiteRD "60"]
[BlackElo "2148"]
[BlackRD "87"]
[GameID "379020"]

1. d4 f5 2. Nc3 Nf6 3. e4 fxe4 4. Bg5 c6 5. Bxf6 exf6 6. Nxe4 d5 7. Nc3 Bd6 8. Bd3 Qe7+ 9. Nce2 O-O 10. Nf3 Bg4
11. O-O Bxf3 12. gxf3 Qc7 13. Ng3 Nd7 14. Kg2 g6 15. Qd2 Bf4 16. Qb4 Rfe8 17. Rae1 Bd6 18. Rxe8+ Rxe8 19. c4 Bxb4
0-1

[Event "Knockout open section A "]
[Site "SchemingMind.com"]
[Date "2015.05.08"]
[Round "-"]
[White "Stephen Woodhouse"]
[Black "johanrientsop"]
[Result "0-1"]
[WhiteCountry "ENG"]
[BlackCountry "NED"]
[WhiteElo "1879"]
[WhiteRD "50"]
[BlackElo "1808"]
[BlackRD "82"]
[GameID "379614"]

1. e4 c5 2. c3 e6 3. d4 d5 4. exd5 exd5 5. Nf3 Nc6 6. Bb5 Nf6 7. O-O Be7 8. Be3 c4 9. Ne5 Bd7 10. Bxc6 bxc6
11. Nd2 O-O 12. Ndf3 Ne4 13. Nd2 f5 14. f3 Nd6 15. Qe1 f4 16. Bf2 Nf5 17. b3 cxb3 18. axb3 a5 19. c4 Bb4 20. Nd3 Bc3
21. Rc1 Re8 22. Qd1 Ne3 23. Bxe3 fxe3 24. Rxc3 e2 25. Qe1 exf1=Q+ 26. Qxf1 dxc4 27. Nxc4 Bf5 28. Nce5 Qxd4+
0-1

[Event "Knockout open section A "]
[Site "SchemingMind.com"]
[Date "2015.05.08"]
[Round "-"]
[White "johanrientsop"]
[Black "Stephen Woodhouse"]
[Result "0-1"]
[WhiteCountry "NED"]
[BlackCountry "ENG"]
[WhiteElo "1808"]
[WhiteRD "82"]
[BlackElo "1879"]
[BlackRD "50"]
[GameID "379615"]

1. e4 e6 2. d4 d5 3. Nc3 Nf6 4. Bg5 dxe4 5. Nxe4 Be7 6. Bxf6 Bxf6 7. Nf3 O-O 8. Bc4 Nd7 9. O-O e5 10. Re1 exd4
11. Nxf6+ Qxf6 12. Qxd4 Qxd4 13. Nxd4 Nb6 14. Bb3 Bd7 15. Re7 Rae8 16. Rae1 Rxe7 17. Rxe7 g6 18. f3 Kg7 19. a4 Kf6 20. Re1 Re8
21. Rd1 Bxa4 22. Bxa4 Nxa4 23. Ra1 Nxb2 24. Rxa7 Nd1 25. Kf1 Rd8 26. Ne2 Ne3+ 27. Kf2 Nxc2 28. Rxb7 Rd2 29. Kf1 Ne3+ 30. Kf2 Nxg2
31. Rxc7 Nf4 32. Ke3 Rxe2+
0-1

[Event "Knockout open section A "]
[Site "SchemingMind.com"]
[Date "2015.06.12"]
[Round "-"]
[White "Clive Everill"]
[Black "Mirta Crevani"]
[Result "0-1"]
[WhiteCountry "CZE"]
[BlackCountry "ARG"]
[WhiteElo "1700"]
[WhiteRD "56"]
[BlackElo "2110"]
[BlackRD "85"]
[GameID "382044"]

1. Nf3 f5 2. d4 e6 3. d5 exd5 4. Qxd5 d6 5. g3 Nf6 6. Qb3 d5 7. Bg2 Na6 8. Bg5 Nc5 9. Qe3+ Nce4 10. Nd4 Be7
11. Nd2 c5 12. N4f3 O-O 13. O-O-O Ng4 14. Bxe7 Qxe7 15. Nxe4 Nxe3
0-1

[Event "Knockout open section A "]
[Site "SchemingMind.com"]
[Date "2015.06.11"]
[Round "-"]
[White "Mirta Crevani"]
[Black "Clive Everill"]
[Result "1-0"]
[WhiteCountry "ARG"]
[BlackCountry "CZE"]
[WhiteElo "2110"]
[WhiteRD "85"]
[BlackElo "1700"]
[BlackRD "56"]
[GameID "382045"]

1. c4 Nf6 2. Nc3 e6 3. e4 c5 4. Nf3 Nc6 5. d4 cxd4 6. Nxd4 Bb4 7. Nxc6 dxc6 8. Qb3 Bc5 9. Be2 Qb6 10. O-O Qxb3
11. axb3 Bd7 12. e5 Ng8 13. Ne4 Be7 14. Be3 a6 15. Rad1 O-O-O 16. Bb6 Re8 17. Nd6+ Bxd6 18. Rxd6 Nh6 19. Rfd1 Nf5 20. Rxd7
1-0

[Event "Knockout open section A "]
[Site "SchemingMind.com"]
[Date "2015.06.24"]
[Round "-"]
[White "MazetaFighter"]
[Black "Ramesh Panwar"]
[Result "0-1"]
[WhiteCountry "GRE"]
[BlackCountry "IND"]
[WhiteElo "2090"]
[WhiteRD "71"]
[BlackElo "2393"]
[BlackRD "58"]
[GameID "382363"]

1. e4 c5 2. Nf3 d6 3. d4 cxd4 4. Nxd4 Nf6 5. Nc3 a6 6. Bc4 e5 7. Nf5 Bxf5 8. exf5 Qc8 9. Bd3 d5 10. g4 h6
11. f3 Bb4 12. Bd2 O-O 13. Qe2 Nbd7 14. O-O Re8 15. a3 Bc5+ 16. Kh1 e4 17. fxe4 dxe4 18. Bc4 e3 19. Be1 Ne5 20. h3 Nxc4
21. Qxc4 Qc6+
0-1

[Event "Knockout open section A "]
[Site "SchemingMind.com"]
[Date "2015.06.24"]
[Round "-"]
[White "Ramesh Panwar"]
[Black "MazetaFighter"]
[Result "1-0"]
[WhiteCountry "IND"]
[BlackCountry "GRE"]
[WhiteElo "2377"]
[WhiteRD "57"]
[BlackElo "2074"]
[BlackRD "75"]
[GameID "382364"]

1. d4 f5 2. g3 Nf6 3. Bg2 e6 4. Nf3 Be7 5. c4 d6 6. b3 c6 7. Bb2 O-O 8. O-O Na6 9. Ne1 Bd7 10. Nd3 Rb8
11. a4 Nc7 12. Re1 d5 13. Nd2 a5 14. Nf3 Na6 15. Nfe5 Nb4 16. Bc3 Nxd3 17. exd3 b6 18. Qe2 dxc4 19. bxc4 c5 20. d5 Bd6
21. Nc6 Bxc6 22. Qxe6+ Kh8 23. dxc6 f4 24. Qh3 fxg3 25. hxg3 Qc7 26. Re6 Rbe8 27. Rae1 Rd8 28. Qh4
1-0

[Event "Knockout open section A "]
[Site "SchemingMind.com"]
[Date "2015.06.24"]
[Round "-"]
[White "GBEDARD"]
[Black "Helga1946"]
[Result "0-1"]
[WhiteCountry "USA"]
[BlackCountry "GER"]
[WhiteElo "2108"]
[WhiteRD "64"]
[BlackElo "2276"]
[BlackRD "72"]
[GameID "382477"]

1. e4 c5 2. Nf3 d6 3. d4 Nf6 4. Nc3 cxd4 5. Nxd4 g6 6. Be3 Bg7 7. f3 a6 8. Bc4 Nbd7 9. Qd2 O-O 10. O-O Ne5
11. Bb3 Bd7 12. Nd5 Nxd5 13. Bxd5 e6 14. Bb3 b5 15. Rad1 a5 16. a3 Qc7 17. Ne2 Ra6 18. Bd4 Rc8 19. c3 Nc4 20. Bxc4 bxc4
21. Bxg7 Kxg7 22. f4 Rb6 23. Qd4+ Kg8 24. Rd2 Rcb8 25. Rb1 R8b7 26. Qe3 Qb8 27. Kf2 h5 28. e5 dxe5 29. fxe5 Rb5 30. Rd6 Rd5
31. Qf4 a4 32. Ke1 Rxd6 33. exd6 Rb6 34. Qxc4 Rxd6 35. b4 Bb5 36. Qf4 e5 37. Qe3 Qd8 38. h3 Bc6 39. g3= h4 40. g4 Rd3
41. Qxe5 Rxh3 42. Rc1 Qd3 43. Qb8+ Kh7 44. Qf4 Bd5 45. c4 Re3 46. Qxe3 Qxe3 47. Rc3 Qe6 48. cxd5 Qxd5 49. Kf2 Qg5 50. Rf3 Kg7
51. Nf4 Qxg4 52. Nd3 h3 53. Rxf7+ Kg8 54. Rf4 Qd1 55. Ke3 g5 56. Rf5 g4 57. Rg5+ Kh8 58. Rh5+ Kg7 59. b5 h2
0-1

[Event "Knockout open section A "]
[Site "SchemingMind.com"]
[Date "2015.06.24"]
[Round "-"]
[White "Helga1946"]
[Black "GBEDARD"]
[Result "1-0"]
[WhiteCountry "GER"]
[BlackCountry "USA"]
[WhiteElo "2276"]
[WhiteRD "72"]
[BlackElo "2108"]
[BlackRD "64"]
[GameID "382478"]

1. e4 e5 2. Nf3 Nc6 3. Bb5 a6 4. Ba4 Nf6 5. O-O Be7 6. Bxc6 dxc6 7. Nc3 Nd7 8. d4 exd4 9. Qxd4 Bf6 10. Qd3 O-O
11. Bf4 Nc5 12. Qe3 Bxc3 13. Qxc5 Bxb2 14. Rad1 Qf6 15. Bxc7 Bg4 16. Rd3 b5 17. e5 Qf5 18. Bd6 Rfe8 19. Rb1 Bxf3 20. Rxf3 Qe4
21. Re3 Qd4 22. Qxc6 Rac8 23. Qxa6 Qd5 24. Rb3 Bxe5 25. Bxe5 Qxe5 26. Re3 Qc5 27. Qxb5 Qxb5 28. Rxb5 Red8 29. g3 Rxc2 30. a4 Ra2
31. Rd5 Rc8 32. Re4 g6 33. Rd7 Rc1+ 34. Kg2 Rcc2 35. Rf4 f5 36. h3 Re2 37. Rf3 h5 38. Ra7 Kf8 39. g4 hxg4 40. hxg4 Re7
41. Ra6 Kg7 42. gxf5 gxf5 43. Rxf5 Kg8 44. Kg3 Rg7+ 45. Kf3 Rc7 46. a5 Ra4 47. Rff6 Rc3+ 48. Kg2 Rca3 49. Rg6+ Kf7 50. Raf6+ Ke7
51. a6 Rg4+ 52. Kf1 Ra1+ 53. Ke2 Ra3 54. Rb6 Re4+ 55. Kd2 Rd4+ 56. Kc2 Rf4 57. Rg7+ Kf8 58. Ra7 Rxf2+ 59. Kb1 Rf7 60. Rbb7 Rb3+
61. Rxb3 Rxa7 62. Rb8+
1-0

[Event "Knockout open section A "]
[Site "SchemingMind.com"]
[Date "2015.08.02"]
[Round "-"]
[White "johanrientsop"]
[Black "Ramesh Panwar"]
[Result "0-1"]
[WhiteCountry "NED"]
[BlackCountry "IND"]
[WhiteElo "1870"]
[WhiteRD "89"]
[BlackElo "2402"]
[BlackRD "60"]
[GameID "384164"]

1. e4 c5 2. d4 cxd4 3. c3 dxc3 4. Nxc3 d6 5. Nf3 Nc6 6. Bc4 e6 7. O-O Nf6 8. Qe2 Be7 9. Rd1 e5 10. Be3 O-O
11. Rac1 Bd7 12. a3 Rc8 13. h3 a6 14. b4 b5 15. Bb3 a5 16. Nd5 Nxd5 17. exd5 Nb8 18. Bd2 a4 19. Ba2 Rxc1 20. Rxc1 Qb6
21. Bb1 h6 22. Qd3 f5 23. Nh2 Na6 24. Be3 Qb7 25. Nf1 Nc7 26. Rd1 Rf7 27. Bc1 e4 28. Qg3 g5 29. f4 Ne8 30. fxg5 hxg5
31. Bxg5 Rg7 32. h4 Qb6+ 33. Kh1 Bxg5 34. hxg5 Nf6 35. g6 Ng4 36. Re1 Rxg6
0-1

[Event "Knockout open section A "]
[Site "SchemingMind.com"]
[Date "2015.08.02"]
[Round "-"]
[White "Ramesh Panwar"]
[Black "johanrientsop"]
[Result "1-0"]
[WhiteCountry "IND"]
[BlackCountry "NED"]
[WhiteElo "2402"]
[WhiteRD "60"]
[BlackElo "1870"]
[BlackRD "89"]
[GameID "384165"]

1. d4 Nf6 2. c4 g6 3. Nc3 Bg7 4. e4 d6 5. h3 O-O 6. Nf3 e5 7. d5 Nbd7 8. Bd3 a5 9. O-O Nc5 10. Bc2 Bd7
11. Be3 Nh5 12. Qc1 Qc8 13. Qd2 a4 14. b4 axb3 15. axb3 Rxa1 16. Rxa1 f5 17. exf5 Bxf5 18. Ng5 Nf4 19. b4 Ncd3 20. Bxf4 Nxf4
21. Bxf5 Qxf5 22. Nge4 Bh6 23. Qd1 Nxh3+ 24. gxh3 Qxh3 25. Qf1 Qh4 26. Qg2 Rf4 27. c5 dxc5 28. bxc5 Bg7 29. d6 cxd6 30. cxd6 Rg4
31. Ra8+ Kf7 32. Ng3 Bf6 33. Qxb7+ Be7 34. Ne4
1-0

[Event "Knockout open section A "]
[Site "SchemingMind.com"]
[Date "2015.08.18"]
[Round "-"]
[White "Helga1946"]
[Black "Mirta Crevani"]
[Result "1-0"]
[WhiteCountry "GER"]
[BlackCountry "ARG"]
[WhiteElo "2236"]
[WhiteRD "71"]
[BlackElo "2091"]
[BlackRD "82"]
[GameID "385925"]

1. c4 Nf6 2. d4 e6 3. Nc3 Bb4 4. e3 Bxc3+ 5. bxc3 c5 6. Bd3 Nc6 7. Ne2 d6 8. O-O O-O 9. e4 e5 10. Rb1 b6
11. f3 Ba6 12. d5 Na5 13. Bg5 Bxc4 14. f4 Qe8 15. Bxf6 gxf6 16. Ng3 Kh8 17. Nf5 Bxd3 18. Qxd3 Nb7 19. Rf3 Rg8 20. Qa6 Qd7
21. Rh3 Rg6 22. Rxb6 axb6 23. Qxa8+ Nd8 24. c4 exf4 25. Qb8 h6 26. Qxd6 Qxd6 27. Nxd6
1-0

[Event "Knockout open section A "]
[Site "SchemingMind.com"]
[Date "2015.08.18"]
[Round "-"]
[White "Mirta Crevani"]
[Black "Helga1946"]
[Result "1-0"]
[WhiteCountry "ARG"]
[BlackCountry "GER"]
[WhiteElo "2091"]
[WhiteRD "82"]
[BlackElo "2236"]
[BlackRD "71"]
[GameID "385926"]

1. c4 e5 2. Nc3 Nf6 3. g3 c6 4. d4 exd4 5. Qxd4 d5 6. Bg2 Na6 7. Bg5 dxc4 8. Qxc4 Qb6 9. Bxf6 gxf6 10. O-O-O Be6
11. Qf4 f5 12. Rd2 Bg7 13. Nf3 Nb4 14. Nd4 O-O-O 15. Rhd1 Nxa2+ 16. Nxa2 Bxa2 17. Bh3 Qc5+ 18. Nc2 Rxd2 19. Bxf5+ Be6 20. Bxe6+ fxe6
21. Qxd2 Qd5 22. Qb4 Qe5 23. Qd4 Qxd4 24. Nxd4 Rd8 25. e3 c5 26. Nxe6 Bxb2+ 27. Kc2 c4 28. Rxd8#
1-0

[Event "Knockout open section A "]
[Site "SchemingMind.com"]
[Date "2015.10.15"]
[Round "-"]
[White "Ramesh Panwar"]
[Black "Helga1946"]
[Result "1/2-1/2"]
[WhiteCountry "IND"]
[BlackCountry "GER"]
[WhiteElo "2402"]
[WhiteRD "59"]
[BlackElo "2284"]
[BlackRD "70"]
[GameID "388647"]

1. e4 e5 2. Nf3 Nc6 3. Bb5 a6 4. Ba4 Be7 5. Bxc6 dxc6 6. O-O Bf6 7. b3 Ne7 8. Bb2 Qd6 9. d4 Ng6 10. Nbd2 exd4
11. e5 Nxe5 12. Re1 Be6 13. Ne4 Qd5 14. Nxd4 O-O-O 15. c4 Qd7 16. Nxf6 gxf6 17. Nxe6 Qxe6 18. Qh5 Rhe8 19. h3 b6 20. Re3 Rd3
21. Rae1 Qd7 22. Qxh7 Nf3+ 23. gxf3 Rdxe3 24. Rxe3 Rxe3 25. fxe3 Qd1+ 26. Kg2 Qe2+ 27. Kg3 Qxb2 28. h4 Qxa2=
1/2-1/2